[Event "British Chess Championships 2023: First Rapidplay Open"]
[Site "The Venue, De Montfort University, 20 Western Boulevard, Leicester, LE2 7BU"]
[Date "2023.07.21"]
[Round "2"]
[Board "1"]
[White "Han, Yichen"]
[Black "Honarvarmahalati, Hooman"]
[Result "1-0"]
[WhiteElo "2530"]
[BlackElo "1862"]
[PlyCount "0"]
[EventDate "2023.07.21"]
[EventRounds "7"]
[EventCountry "ENG"]

1. e4 c6 2. Nf3 d5 3. Nc3 Bg4 4. h3 Bxf3 5. Qxf3 e6 6. Be2 Nf6 7. d3 Nbd7 8. Qg3
Qb8 9. Bf4 e5 10. Bd2 b5 11. a3 g6 12. exd5 Nxd5 13. Bf3 Qd6 14. Ne4 Qe7 15. c4 Nf4
16. O-O Nxd3 17. cxb5 Rc8 18. Bg5 f6 19. Nxf6+ Nxf6 20. Bxc6+ Rxc6 21. bxc6 Nc5 22.
c7 Kd7 23. Rac1 Bg7 24. Bxf6 Bxf6 25. b4 Ne6 26. c8=Q+ Rxc8 27. Rfd1+ Nd4 28. Qg4+
Qe6 29. Qxe6+ Kxe6 30. Rxc8  1-0

[Event "British Chess Championships 2023: First Rapidplay Open"]
[Site "The Venue, De Montfort University, 20 Western Boulevard, Leicester, LE2 7BU"]
[Date "2023.07.21"]
[Round "2"]
[Board "2"]
[White "Agrawal, Shivam"]
[Black "Ledger, Andrew J"]
[Result "0-1"]
[WhiteElo "1998"]
[BlackElo "2378"]
[PlyCount "0"]
[EventDate "2023.07.21"]
[EventRounds "7"]
[EventCountry "ENG"]

1. d4 Nf6 2. c4 e6 3. Nc3 Bb4 4. Qc2 O-O 5. Nf3 d6 6. Bd2 Nc6 7. a3 Bxc3 8. Bxc3
Qe7 9. e3 a5 10. g3 a4 11. Bg2 e5 12. d5 Nb8 13. Ng5 Nbd7 14. O-O-O Re8 15. f3 Nc5
16. h4 Bd7 17. Bh3 h6 18. Bxd7 Qxd7 19. Kb1 Qe7 20. g4 e4 21. Bxf6 Qxf6 22. Nxe4
Nxe4 23. fxe4 Qg6 24. Rd4 Re5 25. Ka2 b6 26. Rg1 Rae8 27. Qxa4 Rxe4 28. h5 Qg5 29.
Qd7 Qxe3 30. Rxe4 Rxe4 31. Qxc7 f5 32. Rf1 f4 33. Qxd6 Qd3 34. Rc1 f3 35. Qxb6 Rxc4
36. Rxc4 Qxc4+ 37. Kb1 Qd3+ 38. Ka1 Qd1+ 39. Ka2 Qxd5+ 40. Ka1 Qd1+ 41. Ka2 Qe2 42.
Qb3+ Kf8 43. Qb8+ Kf7 44. Qb7+ Kf6 45. Qb4 Kg5 46. Qc5+  0-1

[Event "British Chess Championships 2023: First Rapidplay Open"]
[Site "The Venue, De Montfort University, 20 Western Boulevard, Leicester, LE2 7BU"]
[Date "2023.07.21"]
[Round "2"]
[Board "3"]
[White "Dong, Bao Nghia"]
[Black "Khan, Mohammed"]
[Result "1-0"]
[WhiteElo "2351"]
[BlackElo "1806"]
[PlyCount "0"]
[EventDate "2023.07.21"]
[EventRounds "7"]
[EventCountry "ENG"]

1. d4 Nf6 2. c4 g6 3. Nc3 Bg7 4. e4 d6 5. Nf3 O-O 6. Be2 Nc6 7. O-O e5 8. d5 Ne7
9. b4 Ne8 10. a4 f5 11. Nd2 f4 12. c5 g5 13. Ba3 Ng6 14. b5 Rf7 15. Nc4 b6 16. cxd6
Nxd6 17. Bxd6 cxd6 18. a5 Rb8 19. axb6 axb6 20. Na4 Bf8 21. Bg4 Bd7 22. Bxd7 Qxd7
23. Rb1 f3 24. Ne3 fxg2 25. Kxg2 Nh4+ 26. Kh1 Rf4 27. Rg1 Be7 28. Rg4 Rbf8 29. Nxb6
Qc7 30. Nbc4 Rxf2 31. Rxh4 gxh4 32. Qg4+ Kh8 33. Rg1 R2f7 34. b6 Qb7 35. Nf5 h5 36.
Qg6  1-0

[Event "British Chess Championships 2023: First Rapidplay Open"]
[Site "The Venue, De Montfort University, 20 Western Boulevard, Leicester, LE2 7BU"]
[Date "2023.07.21"]
[Round "2"]
[Board "4"]
[White "Gopakumar, Siddharth"]
[Black "Dougherty, Michael"]
[Result "1/2-1/2"]
[WhiteElo "1881"]
[BlackElo "2167"]
[PlyCount "0"]
[EventDate "2023.07.21"]
[EventRounds "7"]
[EventCountry "ENG"]

1. e4 e6 2. d4 d5 3. Bd3 c5 4. exd5 exd5 5. dxc5 Bxc5 6. Nf3 Nf6 7. O-O O-O 8. h3
Ne4 9. Nbd2 f5 10. Nb3 Bb6 11. Nfd4 Nc6 12. Nxc6 bxc6 13. c4 Be6 14. Bxe4 dxe4 15.
c5 Qxd1 16. Rxd1 Bxb3 17. axb3 Bxc5 18. Be3 Bb6 19. Rd6 Rfb8 20. Re1 Ba5 21. Ra1
Bb6 22. Re1 Bxe3 23. Rxe3 Rb6 24. Rc3 Rab8 25. Rd7 Rxb3 26. Rxc6 R3b7 27. Rd5 g6
28. Ra5 Kg7 29. Rca6 Rxb2 30. Rxa7+ R8b7 31. Rxb7+ Rxb7 32. g3 Rb2 33. h4 Kh6 34.
Ra7 Kh5 35. Rxh7+ Kg4 36. Ra7 e3 37. Ra4+ Kh3 38. fxe3 Kxg3 39. Kf1 Kf3 40. Kg1 Rg2+
41. Kf1 Rg4 42. Ra6 Kxe3 43. h5 g5 44. Ra3+ Kd2 45. Ra2+ Kc3 46. Ra3+ Kb4 47. Rh3
Rf4+ 48. Ke2 g4 49. Rh1 g3 50. h6 Rf2+ 51. Ke3 f4+ 52. Ke4 Rh2  1/2-1/2

[Event "British Chess Championships 2023: First Rapidplay Open"]
[Site "The Venue, De Montfort University, 20 Western Boulevard, Leicester, LE2 7BU"]
[Date "2023.07.21"]
[Round "2"]
[Board "5"]
[White "Matlak, Oleksandr"]
[Black "Banerji, Kumar"]
[Result "1-0"]
[WhiteElo "2155"]
[BlackElo "1773"]
[PlyCount "0"]
[EventDate "2023.07.21"]
[EventRounds "7"]
[EventCountry "ENG"]

1. c4 Nf6 2. Nf3 d6 3. Nc3 g6 4. g3 Bg7 5. Bg2 O-O 6. O-O e5 7. b4 a5 8. b5 Be6 9.
d3 c6 10. Ba3 Re8 11. Rb1 Qc7 12. Qa4 h6 13. Rfc1 Nbd7 14. bxc6 bxc6 15. Nd2 Rec8
16. Nd5 cxd5 17. cxd5 Nxd5 18. Rxc7 Rxc7 19. Bxd6 Nc3 20. Bxc7 Nxa4 21. Bxa8 Nc3
22. Re1 Bxa2 23. Bxa5 Bd5 24. Bxc3 Be6  1-0

[Event "British Chess Championships 2023: First Rapidplay Open"]
[Site "The Venue, De Montfort University, 20 Western Boulevard, Leicester, LE2 7BU"]
[Date "2023.07.21"]
[Round "2"]
[Board "6"]
[White "Masani, Matthew M"]
[Black "Moore, Gerald"]
[Result "1-0"]
[WhiteElo "1862"]
[BlackElo "2119"]
[PlyCount "0"]
[EventDate "2023.07.21"]
[EventRounds "7"]
[EventCountry "ENG"]

1. d4 f5 2. Bg5 g6 3. Nc3 Bg7 4. e4 fxe4 5. Nxe4 d5 6. Ng3 c5 7. c3 cxd4 8. cxd4
Nc6 9. Nf3 Bg4 10. Be2 Nh6 11. Qd2 Nf7 12. Be3 O-O 13. O-O Nd6 14. Ng5 Bd7 15. Rad1
e6 16. h4 Ne7 17. Bf4 Ndf5 18. Bg4 Nxd4 19. Rfe1 Nef5 20. h5 h6 21. Nf3 Nxf3+ 22.
Bxf3 g5 23. Be5 Bxe5 24. Rxe5  1-0

[Event "British Chess Championships 2023: First Rapidplay Open"]
[Site "The Venue, De Montfort University, 20 Western Boulevard, Leicester, LE2 7BU"]
[Date "2023.07.21"]
[Round "2"]
[Board "7"]
[White "Ledger, Stephen C"]
[Black "Dayal, Samar"]
[Result "1-0"]
[WhiteElo "2097"]
[BlackElo "1676"]
[PlyCount "0"]
[EventDate "2023.07.21"]
[EventRounds "7"]
[EventCountry "ENG"]

1. d4 Nf6 2. Bg5 Ne4 3. Bf4 g6 4. e3 Bg7 5. Nd2 Nf6 6. h3 O-O 7. Ngf3 d6 8. Be2 Nbd7
9. O-O Re8 10. c4 e5 11. Bh2 c6 12. Rc1 Qc7 13. c5 Bf8 14. Nc4 dxc5 15. dxe5 Nd5
16. e6 Qd8 17. exd7 Bxd7 18. Nce5 Be6 19. Bc4 b5 20. Nxc6 Qd7 21. Nfe5 Qc7 22. Bxd5
Bxd5 23. Qxd5 Bg7 24. Nxg6 Qb7 25. Nce7+ Rxe7 26. Nxe7+ Qxe7 27. Qxa8+ Bf8 28. Rfd1
a6 29. Bd6 Qf6  1-0

[Event "British Chess Championships 2023: First Rapidplay Open"]
[Site "The Venue, De Montfort University, 20 Western Boulevard, Leicester, LE2 7BU"]
[Date "2023.07.21"]
[Round "2"]
[Board "8"]
[White "Subramanian, Anusha"]
[Black "Pilley, Jack"]
[Result "1-0"]
[WhiteElo "1808"]
[BlackElo "2037"]
[PlyCount "0"]
[EventDate "2023.07.21"]
[EventRounds "7"]
[EventCountry "ENG"]

1. d4 Nf6 2. c4 e6 3. Nf3 d5 4. g3 Bb4+ 5. Bd2 a5 6. a3 Bxd2+ 7. Nbxd2 O-O 8. Bg2
b6 9. O-O Bb7 10. Rc1 dxc4 11. Nxc4 Nbd7 12. e3 Rc8 13. Nce5 Nxe5 14. Nxe5 Bxg2 15.
Kxg2 Qd5+ 16. Qf3 c5 17. dxc5 bxc5 18. Nc4 Rb8 19. Rfd1 Qb7 20. Rc2 Qb3 21. Rdc1
Qb5 22. e4 Rfd8 23. e5 Nd5 24. Nd6 Qd7 25. Rxc5 Rxb2 26. Rc8 Rb8 27. Rxd8+ Rxd8 28.
Rb1 f6 29. Nc4 fxe5 30. Nxe5 Qc7 31. Re1 Rf8 32. Qe2 Qb7 33. Qe4 Qc7 34. Nf3 Re8
35. Ng5 Nf6 36. Nxe6 Nxe4 37. Nxc7 Rc8 38. Rxe4 Rxc7 39. Re5 Ra7 40. a4 Kf7 41. Kf3
Kf6 42. Ke4 g6 43. f4 h5 44. h3 Ra6 45. g4 hxg4 46. hxg4 Ra7 47. g5+ Kf7 48. f5 gxf5+
49. Kxf5 Kg7 50. Re6 Rc7 51. Re5 Ra7 52. Ke4 Kg6 53. Kd4 Rb7 54. Rxa5 Rb4+ 55. Kc5
Rb1 56. Kc6 Kf7 57. Rb5 Ra1 58. a5 Ke6 59. Kb6 Kd6 60. a6  1-0

[Event "British Chess Championships 2023: First Rapidplay Open"]
[Site "The Venue, De Montfort University, 20 Western Boulevard, Leicester, LE2 7BU"]
[Date "2023.07.21"]
[Round "2"]
[Board "9"]
[White "Graff, Ben"]
[Black "Wells, Tony D"]
[Result "1/2-1/2"]
[WhiteElo "1780"]
[BlackElo "2026"]
[PlyCount "0"]
[EventDate "2023.07.21"]
[EventRounds "7"]
[EventCountry "ENG"]

1. e4 e5 2. Nf3 Nc6 3. Bb5 Nd4 4. Bc4 Nxf3+ 5. Qxf3 Qf6 6. Qxf6 Nxf6 7. d3 c6 8.
Nc3 Bb4 9. Bd2 O-O 10. a3 Ba5 11. Rd1 Rd8 12. O-O d5 13. exd5 cxd5 14. Nxd5 Rxd5
15. Bxd5 Bxd2 16. Bxf7+ Kxf7 17. Rxd2  1/2-1/2

[Event "British Chess Championships 2023: First Rapidplay Open"]
[Site "The Venue, De Montfort University, 20 Western Boulevard, Leicester, LE2 7BU"]
[Date "2023.07.21"]
[Round "2"]
[Board "10"]
[White "Ortiz Sanchez, Luis"]
[Black "Lawrence-Cade, Jack"]
[Result "1-0"]
[WhiteElo "2018"]
[BlackElo "1649"]
[PlyCount "0"]
[EventDate "2023.07.21"]
[EventRounds "7"]
[EventCountry "ENG"]

1. d4 e6 2. e4 d5 3. Nc3 Nf6 4. e5 Nfd7 5. Qh5 c5 6. Nf3 Be7 7. Ng5 Bxg5 8. Bxg5
Qb6 9. Nb5 O-O 10. Bd3 g6 11. Qh6 c4 12. Bf6  1-0

[Event "British Chess Championships 2023: First Rapidplay Open"]
[Site "The Venue, De Montfort University, 20 Western Boulevard, Leicester, LE2 7BU"]
[Date "2023.07.21"]
[Round "2"]
[Board "11"]
[White "Mandnikar, Atreya"]
[Black "Buanne, Luca"]
[Result "0-1"]
[WhiteElo "1692"]
[BlackElo "2000"]
[PlyCount "0"]
[EventDate "2023.07.21"]
[EventRounds "7"]
[EventCountry "ENG"]

1. e4 e5 2. Nf3 Nc6 3. Nc3 Nf6 4. d4 exd4 5. Nxd4 Bb4 6. Nxc6 bxc6 7. Bd3 O-O 8.
O-O d5 9. exd5 cxd5 10. Bg5 Be7 11. Bxf6 Bxf6 12. Nxd5 Bxb2 13. Rb1 Be5 14. Qh5 f5
15. Qf3 Be6 16. Nf4 Bxa2 17. Rbd1 Qg5 18. Nd5 Rad8 19. Ne3 Be6 20. Bc4 Bxc4 21. Nxc4
Rxd1 22. Rxd1 Bxh2+ 23. Kxh2 Qh4+ 24. Kg1 Qxc4 25. Qd5+ Qxd5 26. Rxd5 g6 27. Ra5
Ra8 28. Kf1 Kf7 29. Rc5 a5 30. Rxc7+ Ke6 31. Rc3 a4 32. Ra3 Kd5 33. Ke2 Kc4 34. Kd2
Kb4 35. Ra1 a3 36. c3+ Kb3 37. Rb1+ Kc4 38. Ra1 a2 39. Kc2 Re8  0-1

[Event "British Chess Championships 2023: First Rapidplay Open"]
[Site "The Venue, De Montfort University, 20 Western Boulevard, Leicester, LE2 7BU"]
[Date "2023.07.21"]
[Round "2"]
[Board "12"]
[White "Lee, Alexandre Km"]
[Black "Poulton, James R"]
[Result "0-1"]
[WhiteElo "1534"]
[BlackElo "2304"]
[PlyCount "0"]
[EventDate "2023.07.21"]
[EventRounds "7"]
[EventCountry "ENG"]

1. e4 e6 2. d4 d5 3. Nc3 Bb4 4. e5 c5 5. a3 Bxc3+ 6. bxc3 Ne7 7. Qg4 Qc7 8. Qxg7
Rg8 9. Qxh7 cxd4 10. Ne2 Nbc6 11. cxd4 Nxd4 12. Nxd4 Qc3+ 13. Ke2 Qxd4 14. Rb1 Qxe5+
15. Kd1 Bd7 16. Qh3 Rc8 17. Bd3 Qc7 18. Qe3 e5 19. Qxa7 e4 20. Rxb7 Qc6 21. Rxd7
Qxd7 22. Qxd7+ Kxd7 23. Bb5+ Ke6 24. Bf4 Rxg2 25. Bg3 Nf5 26. Bf1 Nxg3 27. hxg3 Rxf2
28. Bh3+ f5 29. g4 Rcxc2 30. gxf5+ Ke5  0-1

[Event "British Chess Championships 2023: First Rapidplay Open"]
[Site "The Venue, De Montfort University, 20 Western Boulevard, Leicester, LE2 7BU"]
[Date "2023.07.21"]
[Round "2"]
[Board "13"]
[White "Raju, Sooraj Menothuparambil"]
[Black "Kairat, Alexander"]
[Result "1-0"]
[WhiteElo "2237"]
[BlackElo "1745"]
[PlyCount "0"]
[EventDate "2023.07.21"]
[EventRounds "7"]
[EventCountry "ENG"]

1. h3 d5 2. d3 e5 3. Nf3 Nc6 4. Nbd2 f5 5. e4 fxe4 6. dxe4 d4 7. Bb5 Bd6 8. Bxc6+
bxc6 9. Nxe5 Bxe5 10. Qh5+ Kf8 11. Qxe5 Nf6 12. O-O Kf7 13. Qc5 Qd6 14. Qc4+ Be6
15. Qd3 Rhe8 16. Nf3 Qc5 17. b3 Qc3 18. Qxd4 Qxd4 19. Nxd4 Nxe4 20. Nxc6 Bd7 21.
Nd4 c5 22. Nf3 h6 23. Bb2 Bf5 24. Ne5+ Ke6 25. Rfe1 Kd6 26. g4 Bh7 27. Rad1+ Kc7
28. Rd7+ Kb6 29. Rxg7 Rh8 30. Rxh7 Rxh7 31. Rxe4 Rd8 32. Bc3 Kb7 33. Kg2 Re7 34.
Rc4 Rd5 35. Nd3 Kb6 36. Nxc5 Rxc5 37. Bd4 Rec7 38. f4 Kb5 39. a4+ Kb6 40. f5  1-0

[Event "British Chess Championships 2023: First Rapidplay Open"]
[Site "The Venue, De Montfort University, 20 Western Boulevard, Leicester, LE2 7BU"]
[Date "2023.07.21"]
[Round "2"]
[Board "14"]
[White "Badacsonyi, Stanley"]
[Black "Hayes, Solomon"]
[Result "1/2-1/2"]
[WhiteElo "2187"]
[BlackElo "1781"]
[PlyCount "0"]
[EventDate "2023.07.21"]
[EventRounds "7"]
[EventCountry "ENG"]

1. d4 Nf6 2. Nc3 d5 3. Bf4 e6 4. Nb5 Na6 5. e3 c6 6. Nc3 Nc7 7. Nf3 Bd6 8. Ne5 O-O
9. Bd3 c5 10. Qf3 c4 11. Be2 Bb4 12. Bg5 Nce8 13. e4 dxe4 14. Qe3 b5 15. a4 Bd7 16.
axb5 Bxb5 17. O-O Bxc3 18. bxc3 Qc7 19. Rfb1 Rb8 20. Bxc4 Bxc4 21. Rxb8 Qxb8 22.
Nxc4 h6 23. Bxf6 Nxf6 24. Ne5 Qb2 25. Qc1 Qxc3 26. Ra4 Nd5 27. Rc4 Qa5 28. Rc5 Qd8
29. c3 Re8 30. Qc2 Nf6 31. g3 Qd6 32. Qa4 Ra8 33. Rc6 Qd8 34. Qc4 Nd5 35. Qe2 Nxc3
36. Qh5 Ne2+ 37. Qxe2 Qxd4 38. Qh5 Rf8 39. Rc7 e3 40. Rxf7 exf2+ 41. Kf1 Qa1+ 42.
Kxf2 Qb2+ 43. Kg1 Qc1+ 44. Kg2 Qd2+ 45. Kh3 Rxf7 46. Qxf7+ Kh7 47. Qg6+ Kg8 48. Qxe6+
Kh7 49. Qf5+ Kg8 50. Ng6 Qe2 51. Nf4 Qf1+ 52. Kg4 Qd1+ 53. Kh3 Qf1+ 54. Kg4 Qd1+
 1/2-1/2

[Event "British Chess Championships 2023: First Rapidplay Open"]
[Site "The Venue, De Montfort University, 20 Western Boulevard, Leicester, LE2 7BU"]
[Date "2023.07.21"]
[Round "2"]
[Board "15"]
[White "Goss, Alex"]
[Black "Brewer, Callum D"]
[Result "1-0"]
[WhiteElo "1781"]
[BlackElo "2071"]
[PlyCount "0"]
[EventDate "2023.07.21"]
[EventRounds "7"]
[EventCountry "ENG"]

1. e4 c6 2. d4 d5 3. Nc3 dxe4 4. Nxe4 Nf6 5. Ng3 h5 6. h4 e6 7. Nf3 Bd6 8. Bd3 Qc7
9. Ne4 Nxe4 10. Bxe4 Nd7 11. c4 Nf6 12. Bc2 c5 13. Ba4+ Bd7 14. Bxd7+ Nxd7 15. O-O
O-O-O 16. Be3 Kb8 17. Qb3 Nf6 18. Rfd1 Ng4 19. d5 Bf4 20. Bxf4 Qxf4 21. g3 Qf6 22.
Qc3 e5 23. Re1 Rhe8 24. Re2 Qd6 25. Nh2 Nh6 26. Rae1 f6 27. f4 Nf7 28. Nf3 Nh6 29.
fxe5 fxe5 30. Nxe5 Rf8 31. Kg2 Nf5 32. Re4 Nd4 33. b4 Nf5 34. bxc5 Qxc5 35. Nd3 Qb6
36. c5 Qg6 37. Ne5 Qf6 38. c6 Rxd5 39. Nd7+ Rxd7 40. cxd7 Qxc3 41. Re8+ Rxe8 42.
Rxe8+ Kc7 43. d8=Q+ Kc6 44. Qc8+  1-0

[Event "British Chess Championships 2023: First Rapidplay Open"]
[Site "The Venue, De Montfort University, 20 Western Boulevard, Leicester, LE2 7BU"]
[Date "2023.07.21"]
[Round "2"]
[Board "16"]
[White "Talbot, Mark A"]
[Black "Vashisht-Pigem, Raman"]
[Result "1/2-1/2"]
[WhiteElo "2058"]
[BlackElo "1723"]
[PlyCount "0"]
[EventDate "2023.07.21"]
[EventRounds "7"]
[EventCountry "ENG"]

1. d4 Nf6 2. Bf4 g6 3. Nc3 d5 4. Qd2 Bg7 5. Nf3 O-O 6. Bh6 c5 7. Bxg7 Kxg7 8. e3
Nc6 9. Be2 Ne4 10. Nxe4 dxe4 11. Ne5 Nxe5 12. dxe5 Qxd2+ 13. Kxd2 Rd8+ 14. Kc3 Be6
15. Rhd1 g5 16. Bc4 Bxc4 17. Kxc4 Kg6 18. g4 a6 19. c3 Rac8 20. a4 b5+ 21. axb5 axb5+
22. Kxb5 Rb8+ 23. Kc4 Rxd1 24. Rxd1 Rxb2 25. Rf1 Rc2 26. Kxc5 Rxc3+ 27. Kd4 Ra3 28.
Kxe4 Ra4+ 29. Kf3 Ra5 30. Ke4 Ra4+ 31. Kd5 Rxg4 32. f4 e6+ 33. Ke4 Rg2 34. Rh1 h5
35. Kf3 Rb2 36. h3 Kf5 37. e4+ Kg6 38. Rg1 Rb3+ 39. Kf2 Rxh3 40. Rxg5+ Kh7 41. f5
Kh6 42. Rg1 Rh2+ 43. Kf3 Rh3+ 44. Kf4 Rh4+ 45. Kf3 Rh3+ 46. Kf2 h4 47. f6 Rg3 48.
Rxg3 hxg3+ 49. Kxg3 Kg5 50. Kf3 Kh4 51. Kf4 Kh5 52. Kf3 Kg5 53. Kg3 Kh5 54. Kf3 Kh4
55. Kf4 Kh5 56. Kf3  1/2-1/2

[Event "British Chess Championships 2023: First Rapidplay Open"]
[Site "The Venue, De Montfort University, 20 Western Boulevard, Leicester, LE2 7BU"]
[Date "2023.07.21"]
[Round "2"]
[Board "17"]
[White "Thornley, Oliver"]
[Black "Kothari, Jai"]
[Result "0-1"]
[WhiteElo "1759"]
[BlackElo "1966"]
[PlyCount "0"]
[EventDate "2023.07.21"]
[EventRounds "7"]
[EventCountry "ENG"]

1. e4 e5 2. f4 exf4 3. Bc4 Nf6 4. Nc3 d6 5. d4 g5 6. h4 gxh4 7. Bxf4 Nc6 8. Nf3 Be7
9. Ng5 Bg4 10. Bxf7+ Kd7 11. Qd2 h6 12. Nf3 Qf8 13. Bb3 h3 14. Ne5+ Nxe5 15. dxe5
Nh5 16. e6+ Kc8 17. g3 Nxf4 18. gxf4 Bh4+ 19. Kf1 Bg5 20. Nd5 Bxe6 21. Qd4  0-1

[Event "British Chess Championships 2023: First Rapidplay Open"]
[Site "The Venue, De Montfort University, 20 Western Boulevard, Leicester, LE2 7BU"]
[Date "2023.07.21"]
[Round "2"]
[Board "18"]
[White "Fellowes, Billy"]
[Black "Subin, Samvrit"]
[Result "1-0"]
[WhiteElo "1941"]
[BlackElo "1704"]
[PlyCount "0"]
[EventDate "2023.07.21"]
[EventRounds "7"]
[EventCountry "ENG"]

1. e4 c5 2. Nf3 d6 3. d4 cxd4 4. Qxd4 Nc6 5. Bb5 Bd7 6. Bxc6 Bxc6 7. Nc3 Nf6 8. Bg5
Qd7 9. Bxf6 gxf6 10. O-O-O O-O-O 11. Qxa7 Bh6+ 12. Kb1 Rhg8 13. Nd5 Bxd5 14. exd5
Qb5 15. a4 Qc5 16. Qxc5+ dxc5 17. g3 Kc7 18. Rhe1 e6 19. c4 Rd6 20. Kc2 Ra8 21. b3
Raa6 22. Re4 Bg5 23. Rg4 h5 24. Re4 Bh6 25. Rh4 Rd8 26. Rxh5 Bf8 27. dxe6 fxe6 28.
Rh7+ Kc8 29. Rxd8+ Kxd8 30. Rxb7 Rd6 31. Nd2 f5 32. Nf3 Bh6 33. a5 Ra6 34. Ne5 Kc8
35. Rh7 Bg5 36. f4 Bf6 37. Nd7 Bd4 38. Nb6+ Kd8 39. Rd7+ Ke8 40. Rxd4 cxd4 41. b4
Ra7 42. Kd3 Rh7 43. a6 Kd8 44. Kxd4 Ra7 45. b5 Kc7 46. c5  1-0

[Event "British Chess Championships 2023: First Rapidplay Open"]
[Site "The Venue, De Montfort University, 20 Western Boulevard, Leicester, LE2 7BU"]
[Date "2023.07.21"]
[Round "2"]
[Board "19"]
[White "Patel, Rishi"]
[Black "Bartram, William"]
[Result "1-0"]
[WhiteElo "1733"]
[BlackElo "1932"]
[PlyCount "0"]
[EventDate "2023.07.21"]
[EventRounds "7"]
[EventCountry "ENG"]

1. e4 c5 2. Nf3 e6 3. Nc3 Nc6 4. Bb5 Qc7 5. O-O d6 6. Re1 Nf6 7. d4 cxd4 8. Nxd4
a6 9. Bf1 Be7 10. Be3 O-O 11. h3 b5 12. Nxc6 Qxc6 13. f3 Bb7 14. Ne2 d5 15. e5 Nd7
16. Nd4 Qc7 17. f4 Bc5 18. c3 b4 19. Rc1 bxc3 20. Rxc3 Qd8 21. a3 Re8 22. Kh2 Bb6
23. Qg4 Nc5 24. f5 Ne4 25. f6 g6 26. Qh4 Kh8 27. Rd3 Bc7 28. Nf3 Qxf6 29. Bg5 Bxe5+
30. Nxe5 Qxe5+ 31. Bf4 Qf6 32. Qg4 h5 33. Qf3 e5 34. Bc1 Qxf3 35. gxf3 Nd6 36. Bg5
Kg7 37. Rc1 Rac8 38. Rxc8 Rxc8 39. Rb3 f6 40. Rb6 Rc6 41. Be3 Rxb6 42. Bxb6 Kf7 43.
b3 Ke6 44. Kg2 Nf5 45. Kf2 Nd4 46. b4 Nc2 47. Bd3 Nxa3 48. Bxg6 h4 49. Ke2 d4 50.
f4 Bg2 51. fxe5 fxe5 52. Bd8 Bxh3 53. Bxh4 Kd5 54. Bf6 Be6 55. Kd3 Nb5 56. Be7 Nc3
57. Bc5 e4+ 58. Kd2 Kc4 59. Be7 e3+ 60. Kc2 Nd5 61. Bd3#  1-0

[Event "British Chess Championships 2023: First Rapidplay Open"]
[Site "The Venue, De Montfort University, 20 Western Boulevard, Leicester, LE2 7BU"]
[Date "2023.07.21"]
[Round "2"]
[Board "20"]
[White "Dhemrait, Jagdeep"]
[Black "Godwin, Mark"]
[Result "1-0"]
[WhiteElo "1718"]
[BlackElo "1839"]
[PlyCount "0"]
[EventDate "2023.07.21"]
[EventRounds "7"]
[EventCountry "ENG"]

1. e4 e5 2. Nf3 Nc6 3. Bb5 a6 4. Ba4 b5 5. Bb3 Bc5 6. O-O d6 7. c3 Bg4 8. h3 Bh5
9. d3 h6 10. Re1 Nf6 11. Nbd2 O-O 12. Nf1 Bb6 13. Ng3 Bg6 14. d4 Qd7 15. a4 exd4
16. cxd4 Rfe8 17. axb5 axb5 18. Rxa8 Rxa8 19. d5 Ne5 20. Nd4 Rb8 21. Bf4 Re8 22.
Kf1 c5 23. dxc6 Nxc6 24. Nxb5 Nxe4 25. Nxe4 Bxe4 26. Nxd6 Re7 27. Rxe4 Rxe4 28. Nxe4
Qf5 29. Qd5 Qxf4 30. Qxc6 Bd4 31. Qe8+ Kh7 32. Bxf7 Qc1+ 33. Ke2 Qxb2+ 34. Nd2 Qc2
35. Qg8#  1-0

[Event "British Chess Championships 2023: First Rapidplay Open"]
[Site "The Venue, De Montfort University, 20 Western Boulevard, Leicester, LE2 7BU"]
[Date "2023.07.21"]
[Round "2"]
[Board "21"]
[White "Moreland, Finlay W"]
[Black "Pradhan, Ayan"]
[Result "1/2-1/2"]
[WhiteElo "1836"]
[BlackElo "1521"]
[PlyCount "0"]
[EventDate "2023.07.21"]
[EventRounds "7"]
[EventCountry "ENG"]

1. e4 e6 2. d3 d5 3. Nd2 c5 4. Ngf3 Nf6 5. g3 Nc6 6. Bg2 Bd6 7. O-O O-O 8. Re1 Bc7
9. e5 Nd7 10. Qe2 Ndxe5 11. Nxe5 Nxe5 12. Nb3 c4 13. dxc4 Nxc4 14. Nd4 Nd6 15. b3
Bd7 16. Bb2 Rc8 17. Rac1 Bb6 18. c3 Re8 19. Kh1 a6 20. a4 Bxd4 21. cxd4 Qb6 22. Qd3
Rc6 23. Rxc6 bxc6 24. Ba3 Nf5 25. Bc5 Qb7 26. Bf1 a5 27. Rb1 Qc7 28. b4 axb4 29.
Rxb4 Rb8 30. Qb3 Rxb4 31. Qxb4 Bc8 32. a5 Qb7 33. Qxb7 Bxb7 34. Bd3 g6 35. Bxf5 exf5
36. f4 Kg7 37. Kg2 Kf6 38. Kf3 Ke6 39. h3 Ba6 40. h4 h5 41. Ke3 Kd7 42. Bb6  1/2-1/2

[Event "British Chess Championships 2023: First Rapidplay Open"]
[Site "The Venue, De Montfort University, 20 Western Boulevard, Leicester, LE2 7BU"]
[Date "2023.07.21"]
[Round "2"]
[Board "22"]
[White "Goatcher, Matthew W"]
[Black "Reid, Patrick D"]
[Result "1-0"]
[WhiteElo "1518"]
[BlackElo "1831"]
[PlyCount "0"]
[EventDate "2023.07.21"]
[EventRounds "7"]
[EventCountry "ENG"]

1. c4 e5 2. g3 Nf6 3. Bg2 d5 4. cxd5 Nxd5 5. Nc3 c6 6. Qb3 Nf6 7. d3 Nbd7 8. Nf3
Be7 9. O-O O-O 10. Qc2 Re8 11. a3 a5 12. b3 Bf8 13. Bb2 Nc5 14. b4 axb4 15. axb4
Rxa1 16. Rxa1 Na6 17. b5 cxb5 18. Nxb5 Qb6 19. Na3 Ng4 20. e3 Bf5 21. Nc4 Qh6 22.
Ncxe5 Nb4 23. Nxg4 Bxg4 24. Qa4 Rxe3 25. Bc1 Bxf3 26. Bxe3 Qf6 27. Bxf3 Qxf3 28.
Qe8 Nxd3 29. Qc8 Qf6 30. Rd1 Ne5 31. Qxb7 Ng4 32. Qe4 h5 33. h3 Ne5 34. Kg2 Ng6 35.
Qd4 Qc6+ 36. Qd5 Qc8 37. Rc1 Qb8 38. Qxh5 Qb7+ 39. Qf3 Qb2 40. Rc8 Ne5 41. Qa8 Nd7
42. Rxf8+ Nxf8 43. Bc5  1-0

[Event "British Chess Championships 2023: First Rapidplay Open"]
[Site "The Venue, De Montfort University, 20 Western Boulevard, Leicester, LE2 7BU"]
[Date "2023.07.21"]
[Round "2"]
[Board "23"]
[White "Al Dakl Alla, Muhammad"]
[Black "Sasikumar, Srivathsan"]
[Result "1-0"]
[WhiteElo "1410"]
[BlackElo "1787"]
[PlyCount "0"]
[EventDate "2023.07.21"]
[EventRounds "7"]
[EventCountry "ENG"]

1. d4 Nf6 2. Bf4 d5 3. e3 Bf5 4. Bd3 Bg6 5. Nf3 e6 6. c3 Bd6 7. Bg3 c6 8. Qc2 Qc7
9. Ne5 Nbd7 10. f4 Bxd3 11. Qxd3 Ne4 12. Nd2 Ndf6 13. Bh4 Nxd2 14. Qxd2 Ne4 15. Qe2
Bxe5 16. fxe5 g5 17. Bf2 O-O-O 18. O-O-O Qa5 19. Kb1 Qb6 20. Rc1 Kb8 21. c4 Qa5 22.
Be1 Qb6 23. c5 Qc7 24. Rf1 h5 25. Qd3 h4 26. Qa3 b6 27. cxb6 axb6 28. Qa4 Kb7 29.
Rxc6 Qd7 30. Ba5 Nd2+ 31. Bxd2 f6 32. Rxf6 Ra8 33. Rxb6+  1-0